For the sake of silence (Record no. 251615)

MARC details
000 -LEADER
fixed length control field 00283nam a2200097Ia 4500
082 ## - DEWEY DECIMAL CLASSIFICATION NUMBER
Classification number EF GREE
008 - FIXED-LENGTH DATA ELEMENTS--GENERAL INFORMATION
fixed length control field 210817s9999 xx 000 0 und d
100 ## - MAIN ENTRY--PERSONAL NAME
Personal name GREEN, Michael Cawood Roggebaai [South Africa], 2008 1st ed
9 (RLIN) 75913
245 #0 - TITLE STATEMENT
Title For the sake of silence
942 ## - ADDED ENTRY ELEMENTS
item type Books
Holdings
Withdrawn status Lost status Damaged status Not for loan Home library Current library Date acquired Cost, normal purchase price Total Checkouts Barcode Date last seen Price effective from item type
        Secunda Secunda 18.08.2021 171.25   33228020799084 18.08.2021 18.08.2021 Books